000
00313nam a22001337a 4500
008
181207b xxu||||| |||| 00| 0 eng d
020
_a
0683000772
041
_a
eng
080
_a
618
100
_a
9
101
_a
PAT
245
_a
Rehabilitative Audiology: Children and Adults
_c
Alpiner,J.G
942
_2
udc
_c
BK
999
_c
53026
_d
53026